| 000 | 01010nam a2200253 i 4500 | ||
|---|---|---|---|
| 001 | bg | ||
| 245 | 0 | 0 |
_aJak czytać sprawozdania finansowe / _cprzekł. Tomasz Pietrzak, Kamilla Masłowska-Pietrzak. |
| 246 |
_iTyt. oryg.: _aHow to read a balance sheet |
||
| 260 |
_aWarszawa : _bWydaw. Naukowe PWN ; _aGeneva : _bInternational Labour Office, _c2000. |
||
| 300 |
_a174, [1] s., [7] k. tabl. złoż. ; _c24 cm. |
||
| 500 | _aTyt. oryg.: "How to read a balance sheet" 1985. | ||
| 650 | 9 |
_aPrzedsiębiorstwo _xfinanse _xsprawozdawczość |
|
| 655 | _aPodręczniki akademickie | ||
| 700 | 1 |
_aPIETRZAK, Tomasz. _eTł. |
|
| 700 | 1 |
_aMASŁOWSKA-PIETRZAK, Kamilla. _eTł. |
|
| 020 | _a8301132051 (PWN) | ||
| 040 | _cBPK | ||
| 041 |
_apol _heng |
||
| 080 | _a658.14/.17:657](075.8) | ||
| 920 | _a83-01-13205-1 (PWN) | ||
| 942 | _cKS | ||
| 008 | s pl f |000 0 pol | ||
| 999 |
_c43326 _d43326 |
||
| 856 |
_uhttp://koha.tu.koszalin.pl/cgi-bin/koha/opac-detail.pl?biblionumber=43326 _yKatalog online BPK |
||